Eastern Utah Libraries Catalog: Duchesne, Heber, Roosevelt, & Vernal

Blackkklansman / (Record no. 238437)

MARC details
000 -LEADER
fixed length control field 05516cgm a2200985Ii 4500
001 - CONTROL NUMBER
control field on1054110819
003 - CONTROL NUMBER IDENTIFIER
control field OCoLC
005 - DATE AND TIME OF LATEST TRANSACTION
control field 20181107083832.0
007 - PHYSICAL DESCRIPTION FIXED FIELD--GENERAL INFORMATION
fixed length control field vd cvaizq
008 - FIXED-LENGTH DATA ELEMENTS--GENERAL INFORMATION
fixed length control field 180924p20182018cau135 e vleng d
040 ## - CATALOGING SOURCE
Original cataloging agency TEFMT
Language of cataloging eng
Description conventions rda
Transcribing agency TEFMT
Modifying agency TEF
-- WSD
-- GK8
-- INO
-- OQX
-- CLE
-- NGU
-- UINTA
024 10 - OTHER STANDARD IDENTIFIER
Standard number or code 191329071663
028 42 - PUBLISHER NUMBER
Publisher number 62198630
Source Universal Pictures Home Entertainment
035 ## - SYSTEM CONTROL NUMBER
System control number (OCoLC)1054110819
037 ## - SOURCE OF ACQUISITION
Source of stock number/acquisition Midwest Tape
Note http://www.midwesttapes.com
041 1# - LANGUAGE CODE
Language code of text/sound track or separate title eng
-- fre
-- spa
-- fre
-- spa
-- eng
Language code of original and/or intermediate translations of text eng
050 #4 - LIBRARY OF CONGRESS CALL NUMBER
Classification number PN1997.2
Item number .B53 2018
082 04 - DEWEY DECIMAL CLASSIFICATION NUMBER
Classification number 791.43/72
Edition number 23
049 ## - LOCAL HOLDINGS (OCLC)
Holding library UCLB
245 00 - TITLE STATEMENT
Title Blackkklansman /
Statement of responsibility, etc Focus Features and Legendary Pictures present ; in association with Perfect World Pictures ; a QC Entertainment/Blumhouse, Monkeypaw/40 Acres and a Mule Filmworks production ; produced by Sean McKittrick, Jason Blum, Raymond Mansfield, Shaun Redick, Jordan Peele, Spike Lee ; written by Charlie Wachtel & David Rabinowitz and Kevin Willmott & Spike Lee ; directed by Spike Lee.
246 3# - VARYING FORM OF TITLE
Title proper/short title Black klansman
250 ## - EDITION STATEMENT
Edition statement [English/French/Spanish version]
257 ## - COUNTRY OF PRODUCING ENTITY FOR ARCHIVAL FILMS
Country of producing entity United States
-- naf
264 #1 - Production, Publication, Distribution, Manufacture, and Copyright Notice.
Place of production, publication, distribution, manufacture Universal City, CA :
Name of producer, publisher, distributor, manufacturer Universal Pictures Home Entertainment,
Date of production, publication, distribution, manufacture, or copyr [2018]
300 ## - PHYSICAL DESCRIPTION
Extent 1 videodisc (135 min.) :
Other physical details sound, color ;
Dimensions 4 3/4 in.
336 ## - Content Type
Content type term two-dimensional moving image
337 ## - Media type
Media type term video
338 ## - Carrier type
Carrier type term videodisc
344 ## -
-- digital
-- optical
-- surround
-- Dolby digital 5.1
-- rda
346 ## -
-- DVD
-- NTSC
-- rda
347 ## -
-- video file
-- DVD video
-- region 1
-- rda
380 ## -
-- Motion picture
538 ## - SYSTEM DETAILS NOTE
System details note DVD, region 1, NTSC, wide screen (2.40:1); Dolby digital 5.1 (English, French, Spanish), English DVS Dolby digital 2.0 described video.
546 ## - LANGUAGE NOTE
Language note English, French or Spanish dialogue; French or Spanish subtitles; subtitled for the deaf and hard of hearing (SDH); described video.
511 1# - PARTICIPANT OR PERFORMER NOTE
Participant or performer note John David Washington, Adam Driver, Laura Harrier, Topher Grace, Corey Hawkins, Harry Belafonte.
508 ## - CREATION/PRODUCTION CREDITS NOTE
Creation/production credits note Director of photography, Chayse Irvin ; editor, Barry Alexander Brown ; music, Terence Blanchard.
500 ## - GENERAL NOTE
General note Based on the book by Ron Stallworth.
500 ## - GENERAL NOTE
General note Originally released as a motion picture in 2018.
500 ## - GENERAL NOTE
General note Wide screen (2.40:1).
521 8# - TARGET AUDIENCE NOTE
Target audience note MPAA rating: R; for language throughout, including racial epithets, and for disturbing/violent material and some sexual references.
520 ## - SUMMARY, ETC.
Summary, etc Ron Stallworth, an African-American police officer from Colorado, successfully managed to infiltrate the local Ku Klux Klan and became the head of the local chapter.
500 ## - GENERAL NOTE
General note Special features: A Spike Lee joint; BlackKkKlansman extended trailer featuring Prince's "Mary don't you weep."
610 20 - SUBJECT ADDED ENTRY--CORPORATE NAME
Corporate name or jurisdiction name as entry element Ku Klux Klan (1915- )
Form subdivision Drama.
9 (RLIN) 5755402
650 #0 - SUBJECT ADDED ENTRY--TOPICAL TERM
Topical term or geographic name as entry element African American men
Form subdivision Drama.
9 (RLIN) 5755403
650 #0 - SUBJECT ADDED ENTRY--TOPICAL TERM
Topical term or geographic name as entry element African American police
Form subdivision Drama.
9 (RLIN) 5755404
650 #0 - SUBJECT ADDED ENTRY--TOPICAL TERM
Topical term or geographic name as entry element Undercover operations
Form subdivision Drama.
9 (RLIN) 5676919
655 #7 - INDEX TERM--GENRE/FORM
Genre/form data or focus term Feature films.
Source of term lcgft
9 (RLIN) 102699
655 #7 - INDEX TERM--GENRE/FORM
Genre/form data or focus term Fiction films.
Source of term lcgft
9 (RLIN) 5674705
655 #7 - INDEX TERM--GENRE/FORM
Genre/form data or focus term Film adaptations.
Source of term lcgft
9 (RLIN) 5755405
655 #7 - INDEX TERM--GENRE/FORM
Genre/form data or focus term Biographical films.
Source of term lcgft
9 (RLIN) 102649
655 #7 - INDEX TERM--GENRE/FORM
Genre/form data or focus term Video recordings for the hearing impaired.
Source of term lcgft
9 (RLIN) 5755406
655 #7 - INDEX TERM--GENRE/FORM
Genre/form data or focus term Video recordings for people with visual disabilities.
Source of term lcgft
9 (RLIN) 5676923
700 1# - ADDED ENTRY--PERSONAL NAME
Personal name Lee, Spike,
Relator term film director,
-- screenwriter,
-- film producer.
9 (RLIN) 27500
700 1# - ADDED ENTRY--PERSONAL NAME
Personal name McKittrick, Sean,
Relator term film producer.
9 (RLIN) 68545
700 1# - ADDED ENTRY--PERSONAL NAME
Personal name Blum, Jason,
Relator term film producer.
9 (RLIN) 5692904
700 1# - ADDED ENTRY--PERSONAL NAME
Personal name Mansfield, Raymond,
Dates associated with a name 1977-
Relator term film producer.
9 (RLIN) 5755407
700 1# - ADDED ENTRY--PERSONAL NAME
Personal name Redick, Shaun,
Relator term film producer.
9 (RLIN) 5755408
700 1# - ADDED ENTRY--PERSONAL NAME
Personal name Peele, Jordan,
Dates associated with a name 1979-
Relator term film producer.
9 (RLIN) 5755409
700 1# - ADDED ENTRY--PERSONAL NAME
Personal name Wachtel, Charlie,
Relator term screenwriter.
9 (RLIN) 5755410
700 1# - ADDED ENTRY--PERSONAL NAME
Personal name Rabinowitz, David
Titles and other words associated with a name (Screenwriter),
Relator term screenwriter.
9 (RLIN) 5755411
700 1# - ADDED ENTRY--PERSONAL NAME
Personal name Willmott, Kevin,
Relator term screenwriter.
9 (RLIN) 5755412
700 1# - ADDED ENTRY--PERSONAL NAME
Personal name Irvin, Chayse,
Relator term director of photography.
9 (RLIN) 5755413
700 1# - ADDED ENTRY--PERSONAL NAME
Personal name Brown, Barry Alexander,
Relator term editor of moving image work.
9 (RLIN) 5755414
700 1# - ADDED ENTRY--PERSONAL NAME
Personal name Blanchard, Terence,
Relator term composer (expression)
9 (RLIN) 21872
700 1# - ADDED ENTRY--PERSONAL NAME
Personal name Washington, John David,
Dates associated with a name 1984-
Relator term actor.
9 (RLIN) 5755415
700 1# - ADDED ENTRY--PERSONAL NAME
Personal name Driver, Adam,
Relator term actor.
9 (RLIN) 5697178
700 1# - ADDED ENTRY--PERSONAL NAME
Personal name Harrier, Laura,
Dates associated with a name 1990-
Relator term actor.
9 (RLIN) 5755416
700 1# - ADDED ENTRY--PERSONAL NAME
Personal name Grace, Topher,
Dates associated with a name 1978-
Relator term actor.
9 (RLIN) 70894
700 1# - ADDED ENTRY--PERSONAL NAME
Personal name Hawkins, Corey,
Dates associated with a name 1988-
Relator term actor.
9 (RLIN) 5755417
700 1# - ADDED ENTRY--PERSONAL NAME
Personal name Belafonte, Harry,
Dates associated with a name 1927-
Relator term actor.
9 (RLIN) 20994
700 1# - ADDED ENTRY--PERSONAL NAME
-- Motion picture adaptation of (work):
Personal name Stallworth, Ron.
Title of a work Black klansman.
9 (RLIN) 5755418
710 2# - ADDED ENTRY--CORPORATE NAME
Corporate name or jurisdiction name as entry element Focus Features,
Relator term presenter.
9 (RLIN) 69097
710 2# - ADDED ENTRY--CORPORATE NAME
Corporate name or jurisdiction name as entry element Legendary Pictures,
Relator term presenter.
9 (RLIN) 74356
710 2# - ADDED ENTRY--CORPORATE NAME
Corporate name or jurisdiction name as entry element Wan mei shi jie (Beijing) ying shi wen hua you xian gong si,
Relator term production company.
9 (RLIN) 5755419
710 2# - ADDED ENTRY--CORPORATE NAME
Corporate name or jurisdiction name as entry element QC Entertainment (Firm),
Relator term production company.
9 (RLIN) 5755420
710 2# - ADDED ENTRY--CORPORATE NAME
Corporate name or jurisdiction name as entry element Blumhouse Productions,
Relator term production company.
9 (RLIN) 5755421
710 2# - ADDED ENTRY--CORPORATE NAME
Corporate name or jurisdiction name as entry element Monkeypaw Productions,
Relator term production company.
9 (RLIN) 5755422
710 2# - ADDED ENTRY--CORPORATE NAME
Corporate name or jurisdiction name as entry element Forty Acres & a Mule Filmworks,
Relator term production company.
9 (RLIN) 62225
710 2# - ADDED ENTRY--CORPORATE NAME
Corporate name or jurisdiction name as entry element Universal Pictures Home Entertainment (Firm),
Relator term publisher.
9 (RLIN) 5718834
730 02 - ADDED ENTRY--UNIFORM TITLE
-- Container of (work):
Uniform title Blackkklansman (Motion picture)
9 (RLIN) 5755423
730 02 - ADDED ENTRY--UNIFORM TITLE
-- Container of (expression):
Uniform title Blackkklansman (Motion picture).
Language of a work French.
9 (RLIN) 5755424
730 02 - ADDED ENTRY--UNIFORM TITLE
-- Container of (expression):
Uniform title Blackkklansman (Motion picture).
Language of a work Spanish.
9 (RLIN) 5755425
856 7# - ELECTRONIC LOCATION AND ACCESS
Materials specified Click here to view cover art
Uniform Resource Identifier <a href="http://midwesttapes.com/images/movies/12192199.gif">http://midwesttapes.com/images/movies/12192199.gif</a>
Access method http
994 ## -
-- C0
-- UINTA
Holdings
Withdrawn status Lost status Source of classification or shelving scheme Damaged status Not for loan Collection code Home library Current library Shelving location Date acquired Source of acquisition Cost, normal purchase price Total Checkouts Total Renewals Full call number Barcode Date last seen Date checked out Cost, replacement price Price effective from Koha item type
    Dewey Decimal Classification     Movies Wasatch County Library Wasatch County Library Audio Visual Area 02/20/2019   29.98 16 11 DVD Bla 34301001626862 08/24/2024 08/07/2024 29.98 03/20/2020 DVD
This project was made possible through a grant from the Institute of Museum and Library Service administered by the Utah State Library Division.

Wasatch County Library

  • 465 East 1200 South, Heber City, Utah 84032
  • Phone 435-654-1511 | Fax 435-654-6456

Hours

  • Monday - Friday 9:30 AM - 8:00 PM
  • Saturday 9:30 AM - 1:30 PM
  • Closed Sundays and Holidays